Central Library OPAC University of Rajshahi

Sociobiology : (Record no. 11599)

MARC details
000 -LEADER
fixed length control field 00793cam a2200265 i 4500
001 - CONTROL NUMBER
control field 11599
003 - CONTROL NUMBER IDENTIFIER
rucl marc code BD-RjUL
005 - DATE AND TIME OF LATEST TRANSACTION
control field 20211208235142.0
008 - FIXED-LENGTH DATA ELEMENTS--GENERAL INFORMATION
fixed length control field 140127s1975 maua b 001 0 eng
020 ## - INTERNATIONAL STANDARD BOOK NUMBER
International Standard Book Number 0674816218
035 ## - SYSTEM CONTROL NUMBER
System control number (BD-RjUL)11648
040 ## - CATALOGING SOURCE
Original cataloging agency DLC
Transcribing agency DLC
Modifying agency DLC
-- BD-RjUL
Language of cataloging eng
041 ## - LANGUAGE CODE
Language code of text/sound track or separate title eng
082 00 - DEWEY DECIMAL CLASSIFICATION NUMBER
Classification number 591.5
Author mark and year WIS 1975
100 1# - MAIN ENTRY--PERSONAL NAME
Personal name Wilson, Edward O.
9 (RLIN) 35319
245 10 - TITLE STATEMENT
Title Sociobiology :
Remainder of title the new synthesis /
Statement of responsibility, etc. Edward O. Wilson.
260 ## - PUBLICATION, DISTRIBUTION, ETC. (IMPRINT)
Place of publication, distribution, etc. Cambridge, Mass. :
Name of publisher, distributor, etc. Belknap Press of Harvard University Press,
Date of publication, distribution, etc. c1975.
300 ## - PHYSICAL DESCRIPTION
Pagination ix, 697 p. :
Illustrations ill. ;
Size 26 cm.
504 ## - BIBLIOGRAPHY, ETC. NOTE
Bibliography, etc Bibliography: p. 599-663. and index.
650 #0 - SUBJECT ADDED ENTRY--TOPICAL TERM
Topical term or geographic name as entry element Social behavior in animals.
9 (RLIN) 35877
Topical term or geographic name as entry element Sociobiology.
9 (RLIN) 16239
942 ## - ADDED ENTRY ELEMENTS (KOHA)
Source of classification or shelving scheme Dewey Decimal Classification
Koha item type Books
Holdings
Lost status Source of classification or shelving scheme Damaged status Not for loan Collection code Permanent Location Current Location Shelving location Date acquired Source of acquisition Cost, normal purchase price Total Checkouts Full call number Date last seen Copy number Koha item type
  Dewey Decimal Classification   Not For Loan Non-fiction Central Library, University of Rajshahi Central Library, University of Rajshahi Reading Room 16/07/1985 Topan talip 35.25   591.5 WIS 1975 27/01/2014 C-1 Books